000 00574nam a2200205Ia 4500
005 20250923145712.0
008 008 250917s9999 xx 000 0 eng d
037 _aTextual
040 _aDSWL
_beng
_cDSWL
041 _aeng
_2eng
084 _aW81.2, N82
_qDSWL
100 _aDharmadhikari, D.
_9838109
245 0 _aPhilosophy of total revolution
_c by D.Dharmadhikari
250 _a1st
260 _aVaranasi
_bSatva Seva Sangh Prak.
_c1982
365 _aINR
_b9.00
925 _g9.00
942 _cTEXL
_hW81.2, N82
999 _c1454538
_d1454538